000 00815cam a2200253 4500
001 WB3710-33
008 000000n2001 000 0 eng u
035 _a(Sirsi) u111313
245 _aCBI Chief addresses property and business leaders
260 _c2001
490 _aRICS Press Release
_v(pr033) 6 March 2001, (2)
520 _aDirector general of the CBI, Digby Jones, led the speeches at a recent event hosted by the RICS to promote the importance of putting property at the heart of business strategy.
590 _aWB
650 _aRICS
650 _aCBI
650 _aBUSINESS STRATEGIES
650 _aPROPERTY STRATEGY
650 _aPORTFOLIOS
650 _aPLANNING
650 _aVALUE ADDED TAX
650 _aSMES
690 _aPROPERTY MANAGEMENT-CORPORATE REAL ESTATE
942 _n0
999 _c66329
_d66329